Valuation of land and property affected by contamination (Record no. 73275)

MARC details
000 -LEADER
fixed length control field 01340cam a2200241 4500
001 - CONTROL NUMBER
control field WB3931-32
008 - FIXED-LENGTH DATA ELEMENTS--GENERAL INFORMATION
fixed length control field 030821n2003 000 0 eng u
035 ## - SYSTEM CONTROL NUMBER
System control number (Sirsi) u123344
245 ## - TITLE STATEMENT
Title Valuation of land and property affected by contamination
260 ## - PUBLICATION, DISTRIBUTION, ETC.
Date of publication, distribution, etc. 2003
490 ## - SERIES STATEMENT
Series statement RICS News Service
Volume/sequential designation 21 August 2003 (1)
520 ## - SUMMARY, ETC.
Summary, etc. The latest RICS Foundation review "International approaches to the valuation of land and property affected by contamination" * by Paul Syms and Bruce Weber is an authoritative, comprehensive study of the contrasting methods used by valuers in the appraisal of contaminated land and property. This report on a highly topical subject considers the precise meaning of key terminology such as brownfield, summarises existing guidance in the UK, USA and elsewhere and gives a complete overview of research. ISBN 1842191667. £20. http://www.rics.org/ricscms/bin/show?class=News&template=/includes/shownews.html&id=6772&faculty=RICS
590 ## - LOCAL NOTE (RLIN)
Local note WB
650 ## - SUBJECT ADDED ENTRY--TOPICAL TERM
Topical term or geographic name entry element CONTAMINATED LAND
650 ## - SUBJECT ADDED ENTRY--TOPICAL TERM
Topical term or geographic name entry element CONTAMINATED PROPERTY
650 ## - SUBJECT ADDED ENTRY--TOPICAL TERM
Topical term or geographic name entry element SUSTAINABLE DEVELOPMENTS
650 ## - SUBJECT ADDED ENTRY--TOPICAL TERM
Topical term or geographic name entry element BROWNFIELD SITES
650 ## - SUBJECT ADDED ENTRY--TOPICAL TERM
Topical term or geographic name entry element CLEAN-UP COSTS
650 ## - SUBJECT ADDED ENTRY--TOPICAL TERM
Topical term or geographic name entry element MORTGAGEABILITY
690 ## - LOCAL SUBJECT ADDED ENTRY--TOPICAL TERM (OCLC, RLIN)
Topical term or geographic name as entry element PROPERTY-PROPERTY APPRAISAL AND VALUATION
856 ## - ELECTRONIC LOCATION AND ACCESS
Uniform Resource Identifier <a href="https://www.rics.org/RICSWEB/getpage.aspx?p=jy_crJxgNk-xn3x6ikIqeA">https://www.rics.org/RICSWEB/getpage.aspx?p=jy_crJxgNk-xn3x6ikIqeA</a>
942 ## - ADDED ENTRY ELEMENTS (KOHA)
Suppress in OPAC 0
Holdings
Withdrawn status Lost status Source of classification or shelving scheme Damaged status Not for loan Home library Current library Shelving location Date acquired Total Checkouts Full call number Barcode Date last seen Copy number Price effective from Koha item type
    Dewey Decimal Classification     London London Journal article 21/08/2003   WB3931-32 123344-1001 06/08/2019 1 06/08/2019 Journal article